| 000 | 00401nam a2200145Ia 4500 | ||
|---|---|---|---|
| 008 | 230917s9999||||xx |||||||||||||| ||und|| | ||
| 040 |
_e49958 _aMAIN |
||
| 041 | _aEnglish | ||
| 082 | _a200 C197P | ||
| 100 | _aCarlton, Eric | ||
| 245 | 0 | _aPatterns of belief, v1-peoples and religion, v2-religions in society | |
| 260 |
_aLondon _bGeorge Allen and Unwin _c1973 |
||
| 300 | _a130, 140 p. | ||
| 942 | _cBK | ||
| 999 |
_c42280 _d42280 |
||